000 00434nam a22001697a 4500
003 NUST - PNEC
005 20170116180853.0
008 150827b xxu||||| |||| 00| 0 eng d
020 _a0120641550
040 _cLIBRARY
082 _a620.004 ARO
100 _95846
_aArora, Jasbir S.
245 _aIntroduction to optimum design
_cJasbir S. Arora
260 _cc2004.
650 _95847
_a Engineering design
_xME
942 _2ddc
_cBK
999 _c64712
_d64712